00829nam a2200217 a 450000100060000000300080000600500170001400800410003103500190007204000350009104100080012608200250013410000200015924501470017926000700032630000440039650200760044050400340051665000290055070000320057980345BD-RjUL20230707185029.0220913s2006 bg a|||| m||| 00| 0 eng d a(BD-RjUL)80345 aBD-RjULbengcBD-RjULdBD-RjUL aeng a635.25bALS 2006223 aAli, Md. Kawser01aStudies on the quality seed production of onion (Allium Cepa L.) through management practices /cMd. Kawser Ali ;6Supervisor : Md. Firoz Alam aRajshahi :bDepartment of Agronomy, University of Rajshahi,c2006 a[10], vii, 205 Leaves :bill, ;c29 cm. aThesis (Ph. D.) -- Department of Agronomy, University of Rajshahi, 2006 aReferences : Leaves [185]-200 aProductionvSeedxOnions aAlam, Md. Firoz, Supervisor